Multiple Choice General Knowledge #8 - Statistics

General Stats
  • This quiz has been taken 25,426 times
  • The average score is 9 of 15
Answer Stats
Question Answer % Correct
What color is chlorophyll? Green
84%
What is thought to be the most common element in the universe? Hydrogen
83%
Are marsupials mammals? Yes
79%
Which of these people can talk to ghosts? Medium
78%
Is Namibia in northern Africa or southern Africa? Southern Africa
78%
Which of these is not one of the "Five Stages of Grief"? Hope
67%
Which of these is a pergola?
62%
How old was Elvis when he died? 42
59%
How many eyes did the Norse god Odin have? 1
55%
How many dice are used in a standard game of Yahtzee? 5
55%
What color is the 1 ball in pocket billiards (pool)? Yellow
55%
In which picture would you find a morel mushroom?
54%
Is a nabob rich or poor? Rich
49%
What is Elephant and Castle? An area in London
46%
Which of these things is most likely to be described as "bucolic"? a Farm
27%
No matching quizzes found
Score Distribution
Percent of People with Each Score
Percentile by Number Answered
Your Score History
You have not taken this quiz